LDR 00773naa#a2200169#i#450# 001 RU\\bibl\118707 005 20260516184526.6 011 ## _a1994-4683 100 ## _a20230428b2023####ek#y0rusy0150####ca 102 ## _aRU 200 1# _aКРИТЕРИИ УРОВНЯ ВЫНОСЛИВОСТИ СКАЛОЛАЗА ДЛЯ КЛАСТЕРА ЛИДЕРОВ _eЖурнальная статья 210 1# _aМосква _cНациональный государственный Университет физической культуры, спорта и здоровья им. П.Ф. Лесгафта _d2023 215 ## _a3 с. 608 ## _aЖурнальная статья _2local 675 ## _aСкалолазание. 796.526 _z 700 #1 _aКотченко _gЮ В 856 4# _auchzapiski.lesgaft.spb.ru _u